000 00460nam a2200157 4500
001 110037
003 ES-MaACL
005 20230906184951.0
007 t|
008 061121s1962 sp r ||||1| spa d
100 1 _aObregón, Eduardo.
_986424
245 1 4 _aLos grandes textos sobre la propiedad
_b: el mundo greco-romano /
_cEduardo Obregón.
260 _aSantander :
_b[s.n.],
_c1962.
300 _a74 p. ;
_c22 cm.
852 _aES-MaACL
_jC-24176
_bR.50189
999 _c110037
_d110037